000 00381nam a2200157Ia 4500
008 230524s9999 xx 000 0 und d
082 _a621.38
_bGOW
100 _aJohn Gowar
_924909
245 0 _aOptical Communication Systems
250 _a2ND
260 _aNEW DELHI
_bPHI
_c1999
300 _aXIV;685
500 _aQuantity Number: 1
650 _aElectronics
942 _cBK
999 _c36943
_d36943